Statistics for Every Elton John Song on the Billboard Hot 100

Click here to take the quiz!

General Stats

  • This quiz has been taken 166 times
    (148 since last reset)
  • The average score is 23 of 67

Answer Stats

#YearSong% Correct
81971Your Song
91%
11973Crocodile Rock
86%
61982Rocket Man
86%
61988Candle In The Wind
84%
11997Candle In The Wind 1997/Something About The Way You Look Tonight
84%
11976Don't Go Breaking My Heart (Kiki Dee)
80%
921994Don't Go Breaking My Heart (RuPaul)
80%
121983I'm Still Standing
79%
21973Goodbye Yellow Brick Road
75%
11974Bennie And The Jets
72%
411972Tiny Dancer
71%
21973Daniel
69%
21974Don't Let The Sun Go Down On Me
69%
11992Don't Let The Sun Go Down On Me (George Michael)
69%
121973Saturday Night's Alright For Fighting
60%
41994Can You Feel The Love Tonight
59%
41984I Guess That's Why They Call It The Blues
58%
41974The Bitch Is Back
57%
81972Honky Cat
53%
181994Circle Of Life
51%
71986Nikita
51%
11975Philadelphia Freedom
48%
61976Sorry Seems To Be The Hardest Word
45%
181990Sacrifice
44%
241972Levon
40%
921970Border Song
38%
51984Sad Songs (say So Much)
38%
41975Someone Saved My Life Tonight
38%
121982Blue Eyes
33%
11975Island Girl
32%
11975Lucy In The Sky With Diamonds
30%
31980Little Jeannie
29%
11986That's What Friends Are For (Dionne Warwick) ft. Gladys Knight & Stevie Wonder
24%
251983Kiss The Bride
22%
91992The One
22%
131982Empty Garden (Hey Hey Johnny)
20%
521995Made In England
20%
221978Part-Time Love
20%
131995Believe
17%
21988I Don't Wanna Go On With You Like That
16%
201985Wrap Her Up
16%
131989Healing Hands
15%
141976Grow Some Funk Of Your Own/I Feel Like A Bullet (In The Gun Of Robert Ford)
14%
281990Club At The End Of The Street
13%
311979Victim Of Love
10%
91979Mama Can't Buy You Love
9%
231992The Last Song
9%
391980(Sartorial Eloquence) Don't Ya Wanna Play This Game No More?
8%
191988A Word In Spanish
7%
281977Bite Your Lip (Get up and dance!)
7%
341995Blessed
7%
341971Friends
7%
211981Nobody Wins
7%
561993True Love (Kiki Dee)
7%
291999Written In The Stars (LeAnn Rimes)
7%
341981Chloe
6%
161984Who Wears These Shoes?
6%
341978Ego
5%
381985In Neon
5%
301993Simple Life
5%
431991You Gotta Love Someone
5%
551986Heartache All Over The World
4%
161989Through The Storm (Aretha Franklin)
4%
361987Flames Of Paradise (Jennifer Rush)
2%
551998Recover Your Soul
2%
492000Someday Out Of The Blue
2%
701996You Can Make History (Young Again)
1%

Score Distribution

Percentile by Number Answered

Percent of People with Each Score

Your Score History

You have not taken this quiz since the last reset